Statistics for Born in Jakarta

Click here to take the quiz!

General Stats

  • This quiz has been taken 8 times
  • The average score is 3 of 5

Answer Stats

HintAnswer% Correct
Singer and most awarded artist in the history of Indonesia1986Agnez Mo
100%
Actor, stuntman and martial artist who is best known for his role in "The Raid"1983Iko Uwais
86%
Minister of State Owned Enterprises since 2019, founder of Mahaka Group and former owner of Inter Milan1970Erick Thohir
71%
Former badminton player and winner of an Olympic gold medal in women's doubles1987Greysia Polii
43%
Indonesian-American academic and half-sister of a former U.S. president1970Maya Soetoro-Ng
14%

Score Distribution

Percentile by Number Answered

Percent of People with Each Score

Your Score History

You have not taken this quiz